000 00467nam a2200181Ia 4500
003 OSt
005 20260202095528.0
008 210210b1956 xxu||||| |||| 00| 0 eng d
040 _cAL
041 _aKannada
082 _a853/108
100 _aKAILASAM (T P)
_971206
_d ಕೈಲಾಸಂ (ಟಿ ಪಿ).
245 _aHome rule
_bಹೋಂ ರೂಲು
260 _aBengaluru
_b-
_c1956
690 _aKannada Drama
_971207
906 _a019380
942 _2ddc
_cBK
999 _c143500
_d143500